000
00333nam a22001457a 4500
003
OSt
005
20160727222358.0
008
160622b xxu||||| |||| 00| 0 eng d
040
_c
TEST
100
_9
619
_a
Cruz, N
245
_a
The Lonely Now
260
_a
N.J
_b
Logos International
_c
1971
300
_a
The Lonely Now
942
_2
ddc
_c
BK
999
_c
504
_d
504